000 00417nam a2200181Ia 4500
005 20250423100630.0
008 250422s9999 xx 000 0 und d
020 _a0-07-096581-1
050 _aHB 171.5 .R364/
100 _aC. Rangarajan
245 0 _aPrinciples of Macroeconomics
260 _aNew Delhi
260 _bMc Graw Hill
260 _c1979
300 _a223 p
650 _aEconomics
942 _cBK
999 _c33892
_d33892